000 00620nam a22001817a 4500
005 20251108165233.0
008 250721s1993 xx 000 0 ara d
082 1 4 _a956.94/ابر
100 1 _aأبو زهرة، إبراهيم
245 1 0 _aالحركة الصهيونية والأستعمار والطرد الفلسطيني :
_bالترانسفير /
264 1 _aالخليل :
_bرابطة الجامعيين - دائرة البحث والتطوير،
_c1993.
300 _a126ص
650 1 7 _aالصهيونية
650 1 7 _aفلسطين
650 1 7 _aالتاريخ
942 _2ddc
_cBK
999 _c22917
_d22917